[Event "Summer Cup"]
[Site "Wellington Chess Club"]
[Date "2019.03.14"]
[Round "5.6"]
[White "Aldridge, Alan"]
[Black "Rossiter, Philip"]
[Result "1/2-1/2"]
[WhiteElo "1877"]
[BlackElo "1923"]

1. d4 Nf6 2. Nf3 e6 3. c4 c5 4. e3 Be7 5. Nc3 b6 6. Bd3 Bb7 7. O-O O-O 8. d5
exd5 9. cxd5 d6 10. e4 Nbd7 11. h3 a6 12. a4 Re8 13. Re1 Qc7 14. b3 Nf8 15. Ne2
Ng6 16. Nf4 Nd7 17. Nxg6 hxg6 18. Bg5 Bf6 19. Bxf6 gxf6 20. Nh2 Ne5 21. Ng4 Kg7
22. f4 Nxd3 23. Qxd3 Bc8 24. f5 Qe7 25. Qd2 Rh8 26. e5 dxe5 27. Rxe5 Qd6 28.
Re8 g5 29. Rxh8 Kxh8 30. Rf1 Kg7 31. Ne3 b5 32. Rc1 Bd7 33. axb5 axb5 34. Qc3
Re8 35. Re1 Re5 36. g4 Re4 37. Rc1 Qg3+ 38. Ng2 Qxc3 39. Rxc3 1/2-1/2

[Event "Summer Cup"]
[Site "Wellington Chess Club"]
[Date "2019.03.14"]
[Round "5.7"]
[White "Pomeroy, Arthur"]
[Black "Wilkins, Mark"]
[Result "1/2-1/2"]
[WhiteElo "2082"]
[BlackElo "1933"]

1. e4 c5 2. Nf3 g6 3. c3 Bg7 4. d4 cxd4 5. cxd4 Nf6 6. Nc3 d6 7. Be2 O-O 8. O-O
Bg4 9. h3 Bd7 10. Be3 a6 11. a4 a5 12. Qd2 Nc6 13. Rfd1 Nb4 14. Bh6 Rc8 15.
Bxg7 Kxg7 16. d5 Qb6 17. Rac1 Rc7 18. Nd4 Rfc8 19. Qe3 Rc5 20. Nb3 Nc2 21. Rxc2
1/2-1/2

[Event "Summer Cup"]
[Site "Wellington Chess Club"]
[Date "2019.03.14"]
[Round "5.8"]
[White "Tanoi, Edward"]
[Black "Lyall, Gordon"]
[Result "1-0"]
[WhiteElo "2060"]
[BlackElo "1923"]

1. d4 d5 2. c4 c6 3. Nc3 Nf6 4. cxd5 $1 cxd5 {Ah! The dangerous Exchange Slav.
The  weapon of choice for fearsome warrior chess players the world over. Super
aggressive,  hyper attacking and just uber cool. Under the impressive if
somewhat self-aggrandising  moniker of The Chess Ninja, it was one of my
favourite ways to terrorise promising  juniors, novices and the unsuspecting at
the Auckland Chess Centre. Attacking raids  on every side of the board with no
prisoners taken. In the best traditions of Simon  Williams or closer to home in
Ralph Hart, playing any other way makes no sense.} 5. Bf4 a6 6. e3 Nc6 7. Rc1
e6 8. Bd3 Bd6 9. Bg5 h6 10. Bh4 Be7 11. Bb1 Bd7 12. a3 Na5 $1 {White has played
too many waiting moves. It's obvious Black won't castle  while White's light
squared bishop looks longingly at h7 and with the potential  of a queen and
bishop battery ready to greet a castled king with a loving embrace.  Black
instead aims for some initiative on the queenside. A good distraction ploy  and
annoying for White's ambitions.} 13. Nge2 Nc4 14. Qc2 {The knight is a nuisance
but I was prepared to live with it provided I had opportunities on the
kingside.  So far that's not looking likely.} 14... Rc8 15. O-O Qb6 16. Na4
{Not a lot of choice.  Carelessly dropping a pawn will eventually result in
being slowly crushed on the  queenside.} 16... Qc6 17. Nac3 Qb6 18. Na4 Qc6 19.
Nc5 $1 {Acquiescing to an early draw  is not on my to do list tonight.
Especially after losing last week with a draw in  sight. White has a slight
edge here.} 19... b5 {Black is looking good. Consolidating his  position means
I'm facing the prospect of being ground down on the queenside with  little
chance for active play. It was time to summon the great spirit of Mikhail  Tal
and invite Gordon to enter unchartered waters.}  (19... g5 $1)  (19... Bxc5 20.
dxc5 Qb5 (20... Qxc5 21. Bxf6 gxf6 22. b3 Qxa3 23. bxc4 Rxc4 24. Qd2 Qb4 25.
Qa2 Rxc1 26. Rxc1 $16) 21. b4 Nxa3 22. Qb2 Nxb1 23. Rxb1 Qd3 24. Bxf6 gxf6 25.
Qxf6 Rg8 26. Rfe1 Qg6 27. Qxg6 Rxg6 {is a sample computer line that gives a
small plus  for White.} ) 20. Nf4 $6 {Yes the computer says White's losing and
while technically  it's not a good move, in the context of the cautious nature
of the previous moves,  my long term prospects and Gordon's clock time of less
than 10 minutes to my 47,  it was the right move. Don't laugh Bill, it's my
game I can believe what I want.} 20... g5 $1 {played after a few seconds
consideration} 21. Ng6 {played after even fewer  seconds. When bluffing, always
appear like you know what you're doing. In truth,  I was just happy to get an
interesting game now.} 21... Rg8 $2 {and the bluff has worked!  Gordon said
afterwards he thought there were potential pitfalls with his King's  position
if the Knight was captured. Possibly true although we played a line and  it
just looked good for Black. But with time low on Gordon's clock I don't blame
him. I doubt Tal would've either.}  (21... fxg6 22. Qxg6+ Kf8 {is what
Stockfish  recommends to keep Black's winning advantage. Gordon had looked at
this but didn't  like it. I didn't like it either.}  ( {On the other hand}
22... Kd8 {and Black's advantage  is reduced significantly} 23. Bg3 h5 24. h4
Ng4 25. f3 Ngxe3 26. Rfe1 gxh4 27. Bf4 {is another Stockfish line. A crazy
position. So many options to go right or wrong.} ) 23. Bg3) 22. Nxe7 Kxe7 23.
Bg3 {What a transformation. My queen and dark squared  bishop cut two beautiful
diagonals across the centralised king. White's strategy  is clear. Quickly open
some central files. Bring lots of pieces into the attack.  No further comments
required.} 23... Nh5 24. Qe2 (24. Be5 f5 25. b3 Nxe5 26. dxe5 Ng7 27. b4 Qc7
28. Qb2) 24... Nxg3 25. fxg3 g4 (25... f5 $1) 26. e4 dxe4 27. Bxe4 Qd6 28. Qf2
f5 29. Rce1 $1 Kf6 (29... fxe4 30. Qf7+ Kd8 31. Nb7+) 30. Bxf5 $1 exf5 31. Ne4+
{Black resigns. The Chess Ninja is back.} 1-0

[Event "Summer Cup"]
[Site "Wellington Chess Club"]
[Date "2019.03.14"]
[Round "5.9"]
[White "Stoeveken, Peter"]
[Black "Sellen, Ian"]
[Result "0-1"]
[WhiteElo "1853"]
[BlackElo "2041"]

1. d4 d5 2. Nf3 Bg4 3. Nbd2 Nd7 4. c3 c6 5. Qc2 e6 6. e3 Bf5 7. Bd3 Bxd3 8.
Qxd3 Ngf6 9. e4 dxe4 10. Nxe4 Qc7 11. Nxf6+ Nxf6 12. Ne5 Bd6 13. f4 Rd8 14. Qg3
O-O 15. O-O c5 16. f5 cxd4 17. cxd4 exf5 18. Rxf5 Bxe5 19. dxe5 Rd1+ 20. Rf1
Rxf1+ 21. Kxf1 Ne4 22. Qf3 Qxe5 23. Bf4 Qxb2 24. Rd1 f5 25. g4 Qxa2 26. gxf5
Qc4+ 27. Kg1 Nc3 28. Re1 Nd5 29. Bg3 g6 30. Re4 Qc6 31. Re5 Rxf5 32. Rxf5 gxf5
33. Qxf5 Qc1+ 34. Kf2 Qc5+ 35. Kf3 Qf8 0-1

[Event "Summer Cup"]
[Site "Wellington Chess Club"]
[Date "2019.03.14"]
[Round "5.10"]
[White "Benitez, Edgar"]
[Black "Heyworth, Nicholas"]
[Result "1/2-1/2"]
[WhiteElo "2017"]
[BlackElo "1532"]

1. d4 d5 2. Nf3 Nf6 3. Bf4 Bf5 4. e3 Nbd7 5. Be2 e6 6. O-O Bd6 7. Bg5 h6 8. Bh4
g5 9. Bg3 Qe7 10. c4 dxc4 11. Bxc4 Ne4 12. Bxd6 Nxd6 13. Bd3 Bxd3 14. Qxd3 f5
15. Nc3 g4 16. Nd2 Nf6 17. Nc4 Nxc4 18. Qxc4 O-O-O 19. Rac1 Kb8 20. Nb5 Rc8 21.
Qa4 a6 22. Nc3 Nd5 23. Nxd5 exd5 24. Rc5 Qd6 25. Qb3 c6 26. Rfc1 h5 27. Qb6 Qd8
28. Qb3 Qd6 29. Qb6 Qd8 30. Qb3 Qd6 31. Ra5 Ka7 32. Qd3 Rhf8 33. g3 Qh6 34.
Rac5 h4 35. R5c2 hxg3 36. fxg3 Rce8 37. Re2 Re4 38. Rce1 Qg5 39. a4 Qd8 40. b4
b6 41. Qc3 Qd6 42. Rc2 Re6 43. b5 cxb5 44. axb5 a5 45. Qc7+ Qxc7 46. Rxc7+ Kb8
47. Rd7 Rfe8 48. Kf2 Rh8 49. Kg2 Rhe8 50. Kf2 Rh8 51. Kg2 Rhe8 52. Kf2 1/2-1/2

[Event "Summer Cup"]
[Site "Wellington Chess Club"]
[Date "2019.03.14"]
[Round "5.12"]
[White "Jackson, Ross"]
[Black "Ashe, Michael"]
[Result "1-0"]
[WhiteElo "1955"]
[BlackElo "1592"]

1. d4 Nf6 2. c4 e6 3. Nf3 b6 4. g3 Bb7 5. Bg2 Bb4+ 6. Bd2 Bxd2+ 7. Nbxd2 O-O 8.
Qc2 d6 9. O-O Nbd7 10. e4 e5 11. d5 a5 12. b3 Nc5 13. a3 Qd7 14. Rfc1 b5 15. b4
axb4 16. axb4 Rxa1 17. Rxa1 Na6 18. Rb1 Ra8 19. c5 c6 20. dxc6 Bxc6 21. Ne1
dxc5 22. bxc5 Qe7 23. Nb3 Nc7 24. f3 h6 25. Nd3 Ra4 26. Qc3 Rc4 27. Qxe5 Qd7
28. Qd6 Qxd6 29. cxd6 Ne6 30. Ne5 Rc2 31. Nxc6 Rxc6 32. e5 Nd7 33. f4 Rb6 34.
Rc1 g5 35. Rc8+ Kg7 36. Rc7 Nef8 37. Bc6 Nb8 38. Be8 1-0

[Event "Summer Cup"]
[Site "Wellington Chess Club"]
[Date "2019.03.14"]
[Round "5.13"]
[White "Mullan, Brett"]
[Black "Osborne, Geoff"]
[Result "1-0"]
[WhiteElo "1923"]
[BlackElo "1550"]

1. e4 e5 2. Nf3 Nc6 3. Bb5 a6 4. Ba4 b5 5. Bb3 d6 6. c3 Bg4 7. h3 Bh5 8. d3 Be7
9. Be3 Nf6 10. Nbd2 d5 11. Bg5 d4 12. Bxf6 Bxf6 13. Bd5 Qd7 14. cxd4 Rb8 15.
Bxc6 Qxc6 16. Rc1 Qd6 17. Qc2 Rc8 18. Qc6+ Qxc6 19. Rxc6 O-O 20. dxe5 Be7 21.
g4 Bg6 22. Ke2 f6 23. Rhc1 Bd8 24. b3 Be8 25. Rxa6 c6 26. Nd4 fxe5 27. Ne6 Rf6
28. Nxd8 Rxd8 29. Nf3 Re6 30. Rc5 Rc8 31. Rxe5 Rxe5 32. Nxe5 Kf8 33. Ra7 Rd8
34. Kd2 Rd6 35. g5 Re6 36. f4 Re7 37. Rxe7 Kxe7 38. Kc3 c5 39. b4 cxb4+ 40.
Kxb4 h6 41. h4 Ke6 42. Nf3 Kf7 43. Nd4 Kg6 44. Nxb5 Kh5 45. Nd6 Bd7 46. a4 Kxh4
47. gxh6 gxh6 48. a5 h5 49. Kc5 Kg4 50. a6 h4 51. a7 Bc6 52. Kxc6 Kg3 53. a8=Q
h3 54. Qh8 1-0

[Event "Summer Cup"]
[Site "Wellington Chess Club"]
[Date "2019.03.14"]
[Round "5.14"]
[White "Carroll, Lewis"]
[Black "Bennett, Ezra"]
[Result "0-1"]
[WhiteElo "1178"]
[BlackElo "1404"]

1. d4 Nf6 2. c4 g6 3. Nc3 Bg7 4. e4 d6 5. Nf3 h6 6. b4 b6 7. Bd3 Bb7 8. O-O Nc6
9. d5 Nb8 10. Rb1 Nfd7 11. Bb2 O-O 12. Ne2 c6 13. Bxg7 Kxg7 14. Qc2 Qe8 15. a4
Ne5 16. Nxe5 dxe5 {Not sure about the rest, Black won} 0-1

[Event "Summer Cup"]
[Site "Wellington Chess Club"]
[Date "2019.03.14"]
[Round "5.15"]
[White "Enegbuma, Wallace"]
[Black "Chen, Wei Kai"]
[Result "0-1"]
[WhiteElo "1000"]
[BlackElo "1895"]

1. e4 e5 2. Nf3 Nc6 3. Bc4 Bc5 4. c3 Nf6 5. d3 h6 6. b4 Bb6 7. b5 Na5 8. Nxe5
Nxc4 9. Nxc4 O-O 10. Nxb6 axb6 11. O-O d6 12. h3 Be6 13. c4 Nxe4 14. Bb2 Ng5
15. f4 Nh7 16. Qf3 Bf5 17. Nc3 Nf6 18. g4 Bh7 19. h4 Qd7 20. g5 hxg5 21. hxg5
Qg4+ 22. Qxg4 Nxg4 23. Rf3 Rfe8 24. Raf1 Ne3 25. Re1 Nf5 26. Rxe8+ Rxe8 27. Nd5
c6 28. Nxb6 Re2 29. Na4 Ne3 30. bxc6 bxc6 31. Bd4 Nf5 32. Bf2 Rxa2 33. Nc3 Ra3
34. Ne4 Bg6 35. Kf1 Bh5 36. Rh3 Bg4 37. Nxd6 Bxh3+ 38. Ke2 Nxd6 39. Bc5 Ra2+
0-1

[Event "Summer Cup"]
[Site "Wellington Chess Club"]
[Date "2019.03.14"]
[Round "5.16"]
[White "Wevers, Alexis"]
[Black "Dixon, Hamish"]
[Result "1/2-1/2"]
[WhiteElo "1779"]
[BlackElo "1701"]

1. d4 Nf6 2. Bf4 d5 3. Nf3 g6 4. e3 Bg7 5. Bd3 Nc6 6. Nbd2 Nh5 7. Bg5 h6 8. Bh4
O-O 9. Qe2 Nb4 10. a3 Nxd3+ 11. Qxd3 Bf5 12. Qb3 b6 13. O-O g5 14. Bg3 Nxg3 15.
fxg3 Bg6 16. Rae1 c5 17. c4 dxc4 18. Qxc4 Rc8 19. Qa4 cxd4 20. exd4 Rc7 21. Ne5
Bc2 22. b3 b5 23. Qb4 a5 24. Qxa5 Qxd4+ 25. Rf2 Bxe5 26. Nf3 Qa7 27. Qxa7 Rxa7
28. Rxc2 Bd6 29. Nd4 Rxa3 30. Nxb5 Rxb3 31. Nd4 Rd3 32. Nf5 Kh7 33. Nxe7 Re8
34. Rce2 Bb4 35. Nf5 Rxe2 36. Rxe2 1/2-1/2

[Event "Summer Cup"]
[Site "Wellington Chess Club"]
[Date "2019.03.14"]
[Round "5.17"]
[White "Stannard, Lars"]
[Black "He, Caleb"]
[Result "0-1"]
[WhiteElo "1357"]
[BlackElo "1845"]

1. d4 Nf6 2. Bf4 d5 3. Nf3 e6 4. e3 Bd6 5. Bxd6 Qxd6 6. Bd3 c5 7. dxc5 Qxc5 8.
h3 Nc6 9. a3 a5 10. Nc3 b6 11. O-O Nd7 12. Nb5 O-O 13. c3 a4 14. Qc2 g6 15.
Rfe1 Nce5 16. Nxe5 Nxe5 17. Be2 Bd7 18. Nd4 Nc6 19. Bd3 Nxd4 20. exd4 Qd6 21.
Re3 Ra5 22. Rae1 Bb5 23. Rb1 Bc4 24. Qe2 Qc7 25. h4 h5 26. Rg3 Bxd3 27. Qxd3 e5
28. dxe5 Qxe5 29. Re3 Qf4 30. g3 Qc4 31. Qxc4 dxc4 32. Rbe1 Rd5 33. R1e2 Rfd8
34. Re8+ Rxe8 35. Rxe8+ Kg7 36. Re2 b5 37. f4 Kf6 38. Kf2 Kf5 39. Kf3 f6 40.
Rf2 Rd3+ 41. Kg2 Kg4 42. f5 Rxg3+ 43. Kf1 gxf5 44. Rd2 Rd3 45. Rh2 Kg3 46. Rg2+
Kxh4 47. Rg6 Rd2 48. Rxf6 Kg5 49. Rf8 Rxb2 50. Rg8+ Kf4 51. Rb8 Rb3 52. Kg2
Rxa3 53. Rxb5 Rxc3 0-1

[Event "Summer Cup"]
[Site "Wellington Chess Club"]
[Date "2019.03.14"]
[Round "5.18"]
[White "Langford, Josh"]
[Black "Brockway, Andrew"]
[Result "0-1"]
[WhiteElo "1291"]
[BlackElo "1842"]

1. e4 c5 2. Nf3 g6 3. d4 cxd4 4. Nxd4 Nc6 5. Nc3 Bg7 6. Nxc6 bxc6 7. Bc4 d6 8.
O-O Bd7 9. Bf4 Qa5 10. Qd2 Nf6 11. f3 Qc5+ 12. Kh1 Qxc4 13. Rfd1 O-O 14. e5
dxe5 15. Bxe5 Be6 16. Bxf6 Bxf6 17. Qd3 Qxd3 18. Rxd3 Bf5 19. Rd2 Rab8 0-1

[Event "Summer Cup"]
[Site "Wellington Chess Club"]
[Date "2019.03.14"]
[Round "5.19"]
[White "Stracy, Don"]
[Black "Quayle, Jamie"]
[Result "0-1"]
[WhiteElo "1632"]
[BlackElo "1300"]

1. e4 c5 2. Nf3 Nc6 3. d4 cxd4 4. Nxd4 g6 5. Nc3 Bg7 6. Be3 Nf6 7. f3 d5 8. Bb5
Bd7 9. exd5 Nb4 10. Bc4 Rc8 11. Bb3 Qa5 12. O-O Nfxd5 13. Bxd5 Nxd5 14. Nxd5
Qxd5 15. c3 O-O 16. Re1 e5 17. Nb3 Qb5 18. a4 Qc6 19. Qe2 a6 20. Rad1 Rfd8 21.
Rd2 f5 22. Red1 Bf8 23. Na5 Qc7 24. Nc4 Bxa4 25. Rxd8 Rxd8 26. Rxd8 Qxd8 27.
Nxe5 Qd5 28. Bd4 Bc5 29. Qe3 Bxd4 30. cxd4 Bb5 31. Qc3 Be8 32. Kf2 a5 33. Ke3
a4 34. Qc5 Qe6 35. Qc4 Qxc4 36. Nxc4 Kg7 37. f4 b5 38. Na3 Kf6 39. d5 Ke7 40.
Kd4 Kd6 41. Nc2 h6 42. g3 g5 43. Nb4 Bf7 44. fxg5 hxg5 45. h4 g4 46. Ke3 Bxd5
47. Nxd5 Kxd5 48. h5 Ke6 49. Kf4 Kf6 50. h6 Kg6 51. h7 Kxh7 52. Kxf5 b4 53. Ke4
a3 54. Kd3 a2 0-1

[Event "Summer Cup"]
[Site "Wellington Chess Club"]
[Date "2019.03.14"]
[Round "5.20"]
[White "Stannard, Bobby"]
[Black "Ackroyd, William"]
[Result "1-0"]
[WhiteElo "1357"]
[BlackElo "1100"]

1. e4 e5 2. Nf3 Nc6 3. d4 exd4 4. Nxd4 Bc5 5. Nxc6 Qf6 6. Qe2 Qxc6 7. Nc3 Bb4
8. Bd2 Nf6 9. a3 Bxc3 10. Bxc3 O-O 11. Bxf6 Qxf6 12. c3 Re8 13. Qc4 Qe6 14.
Qxe6 Rxe6 15. Bd3 d5 16. f3 f5 17. O-O dxe4 18. fxe4 fxe4 19. Bc4 Bd7 20. Bxe6+
Bxe6 21. Rfe1 Bd5 22. Rad1 Rd8 23. Rxe4 Rd6 24. Red4 1-0

[Event "Summer Cup"]
[Site "Wellington Chess Club"]
[Date "2019.03.14"]
[Round "5.21"]
[White "Kibblewhite, Daniel"]
[Black "Anderson, Nicholai"]
[Result "1/2-1/2"]
[WhiteElo "1496"]
[BlackElo "1100"]

1. d4 d5 2. c4 e5 3. dxe5 d4 4. Nf3 Bb4+ 5. Bd2 Bc5 6. b4 Be7 7. g3 f6 8. exf6
Nxf6 9. Bg2 Nc6 10. O-O Be6 11. c5 Qd5 12. Ng5 Qd7 13. Nxe6 Qxe6 14. Bf4 O-O-O
15. a3 h6 16. h4 Kb8 17. b5 Na5 18. Qa4 Nb3 19. b6 axb6 20. cxb6 Qxb6 21. Bxc7+
Kxc7 22. Qc4+ Bc5 23. Ra2 Na5 24. Qc2 Rhf8 25. Rc1 Nd7 26. e3 dxe3 27. fxe3 Nc6
28. Rb2 Bxe3+ 29. Kh2 Rf2 30. Rxb6 Rxc2 31. Rxb7+ Kxb7 32. Rxc2 Rc8 33. Rc3 Bd4
34. Rc4 {Draw agreed !?} 1/2-1/2

[Event "Summer Cup"]
[Site "Wellington Chess Club"]
[Date "2019.03.14"]
[Round "5.23"]
[White "Theodosiou, Andreas"]
[Black "Dunlop, Rafe"]
[Result "1-0"]
[WhiteElo "1356"]
[BlackElo "1000"]

1. d4 d5 2. Nf3 Nf6 3. c4 Bf5 4. Nc3 e6 5. Bg5 Bb4 6. Qa4+ Nc6 7. cxd5 Bxc3+ 8.
bxc3 exd5 9. e3 a6 10. Qb3 Qd6 11. Bf4 Qd7 12. c4 Rb8 13. Rc1 O-O 14. Be2 Rfc8
15. O-O Ne7 16. Be5 Ne4 17. Bf4 Bg4 18. Ne5 Qe6 19. Bxg4 f5 20. cxd5 Nxd5 21.
Bxf5 Qxf5 22. Qxd5+ Kf8 23. Nd7+ 1-0

[Event "Summer Cup"]
[Site "Wellington Chess Club"]
[Date "2019.03.14"]
[Round "5.24"]
[White "Asher, Bruce"]
[Black "Cooke, Xandi"]
[Result "0-1"]
[WhiteElo "1216"]
[BlackElo "1200"]

1. e4 c5 2. Nf3 d6 3. Bb5+ Bd7 4. Qe2 Nf6 5. Nc3 g6 6. O-O Bg7 7. e5 dxe5 8.
Nxe5 O-O 9. d3 Qb6 10. Nxd7 Nfxd7 11. Qxe7 Bxc3 12. Bxd7 Nxd7 13. bxc3 Qc6 14.
Bf4 Rfe8 15. Qg5 Re2 16. Rac1 Rae8 17. Bd2 R8e5 18. Qg4 Rxd2 19. Qf4 Rde2 20.
d4 cxd4 21. Qxd4 Qe6 22. Qd1 Rd5 23. Qxe2 Qxe2 24. Rfe1 Qd2 25. f3 Qxc3 26. h3
Qd4+ 27. Kf1 Qc4+ 28. Kg1 Qxa2 29. c4 Rd2 30. Kh1 Rxg2 0-1

[Event "Summer Cup"]
[Site "Wellington Chess Club"]
[Date "2019.03.15"]
[Round "5.11"]
[White "Farrington, Lawrence"]
[Black "Forster, Bill"]
[Result "1/2-1/2"]
[WhiteElo "1755"]
[BlackElo "2023"]

1. e4 c5 2. Nf3 a6 3. Nc3 b5 4. a3 Bb7 5. d3 e6 6. Bg5 Be7 7. h4 d6 8. g3 Nd7
9. Bxe7 Nxe7 10. Bg2 Qc7 11. Qe2 O-O 12. O-O Nc6 13. Nd1 Rfe8 14. Qd2 Rad8 15.
Ne3 Nf6 16. Rad1 Re7 17. Qc1 Red7 18. Bh3 Nd4 19. Nxd4 cxd4 20. Ng4 Nxg4 21.
Bxg4 d5 22. exd5 Bxd5 23. f4 Rc8 24. Rf2 Qc5 25. Qd2 Rdc7 26. Rc1 Qc6 27. Bd1
Qb6 28. Qe1 a5 29. Qd2 b4 30. axb4 axb4 31. Rb1 Qa5 32. b3 Qa2 33. Qc1 Rc3 34.
Rb2 Qa3 35. Qb1 Ra8 36. Bf3 Bxf3 37. Rxf3 Qa1 38. Qxa1 Rxa1+ 39. Kg2 Kf8 40.
Rf2 Ke7 41. Re2 Rc1 42. f5 Kf6 43. fxe6 fxe6 44. Kf3 Rc5 45. Ra2 Rf5+ 46. Kg2
Rc5 47. Rf2+ Rf5 48. Re2 Rff1 49. Rf2+ Rxf2+ 50. Kxf2 Rd1 51. Kf3 Re1 52. Ra4
Rf1+ 53. Kg2 Rc1 54. Rxb4 Rxc2+ 55. Kf3 e5 56. Ke4 Re2+ 57. Kd5 Re3 58. g4 h6
59. Rb6+ Kf7 60. g5 hxg5 61. hxg5 Rxd3 62. Kxe5 Rg3 63. g6+ Rxg6 64. Rxg6 Kxg6
65. Kxd4 Kf5 66. Ke3 Ke5 67. b4 Kd5 68. Kf4 Kc4 69. Kg5 Kxb4 70. Kg6 Kc4 71.
Kxg7 1/2-1/2

[Event "Summer Cup"]
[Site "Wellington Chess Club"]
[Date "2019.03.21"]
[Round "6.1"]
[White "Winter, Ryan"]
[Black "Ker, Anthony"]
[Result "0-1"]
[WhiteElo "2118"]
[BlackElo "2475"]

1. e4 c5 2. Nf3 g6 3. d4 cxd4 4. Nxd4 Nc6 5. Nc3 Bg7 6. Be3 Nf6 7. Bc4 O-O 8.
Bb3 a5 9. O-O d6 10. f3 Nxd4 11. Bxd4 Bd7 12. a4 Bc6 13. Qd2 Nd7 14. Bxg7 Kxg7
15. Qd4+ Kg8 16. Rfd1 Qb6 17. Nd5 Bxd5 18. exd5 Rac8 19. Qxb6 Nxb6 20. Re1 Rfe8
21. Re2 Rc5 22. Rae1 Kf8 23. Rd1 Rec8 24. Rd4 Nc4 25. c3 g5 26. h4 h6 27. hxg5
hxg5 28. Kf2 Ne5 29. g3 Kg7 30. f4 gxf4 31. gxf4 Ng6 32. Bc2 Rh8 33. Kg3 Rc7
34. Bxg6 Kxg6 35. Re1 Kf6 36. Re2 Rcc8 37. Kf3 Rh3+ 38. Kg4 $4 Rch8 0-1

[Event "Summer Cup"]
[Site "Wellington Chess Club"]
[Date "2019.03.21"]
[Round "6.2"]
[White "Croad, Nicolas"]
[Black "Cilia Vincenti, David"]
[Result "1/2-1/2"]
[WhiteElo "2445"]
[BlackElo "2208"]

1. d4 d5 2. c4 c5 3. cxd5 Qxd5 4. Nf3 cxd4 5. Nc3 Qa5 6. Nxd4 Nf6 7. Nb3 Qc7 8.
Bg5 h6 9. Bh4 Nc6 10. e3 e5 11. Bxf6 gxf6 12. Qf3 Be6 13. Bb5 O-O-O 14. Rc1 Kb8
15. O-O Rg8 16. Bxc6 Qxc6 17. Ne4 Qb6 18. Qxf6 Bg7 19. Qe7 Bf8 20. Qf6 Bg7 21.
Qe7 Bf8 22. Qf6 1/2-1/2

[Event "Summer Cup"]
[Site "Wellington Chess Club"]
[Date "2019.03.21"]
[Round "6.3"]
[White "Dive, Russell"]
[Black "Nijman, Brian"]
[Result "1/2-1/2"]
[WhiteElo "2433"]
[BlackElo "2175"]

1. Nf3 g6 2. c4 Bg7 3. g3 e5 4. Nc3 Ne7 5. Bg2 O-O 6. O-O Nbc6 7. Rb1 d5 8.
cxd5 Nxd5 9. Nxe5 Nxc3 10. Nxc6 Nxd1 11. Nxd8 Nxf2 12. Nxb7 Bf5 13. d3 Nxd3 14.
exd3 Bxd3 15. Be3 Rfe8 16. Bf2 Bxb1 17. Rxb1 Re2 18. Na5 Rb8 19. b4 Rd8 20.
Bxa7 Rxa2 21. Be3 Bd4 22. Bxd4 Rxd4 23. Nc6 Rdd2 24. Bd5 Rac2 25. Rf1 Kh8 26.
Be4 Rc4 27. Re1 Kg7 28. b5 Ra4 29. Bg2 Raa2 30. Bf1 Kf8 31. Re7 Ra1 32. Re3 f6
33. Rf3 Kg7 34. Nb4 Rb1 35. Na6 Rc1 36. Nb8 Rc5 37. h4 h6 38. Nc6 g5 39. h5 f5
40. Re3 Kf6 41. Be2 g4 42. Re8 Rcc2 43. Kf1 Rb2 44. Ke1 Rd6 45. Rf8+ Kg5 46.
Ne7 Rxe2+ 47. Kxe2 Re6+ 48. Kd3 Rxe7 49. Kd4 Kxh5 50. Rxf5+ Kg6 51. Rf4 Kg5 52.
Rf8 h5 53. Rg8+ Kf6 54. Rh8 Kg6 55. Rg8+ Kf6 56. Rh8 Kg5 57. Rg8+ Kh6 58. Rh8+
Rh7 59. Rg8 Rg7 60. Rh8+ Rh7 61. Rg8 Rg7 1/2-1/2

[Event "Summer Cup"]
[Site "Wellington Chess Club"]
[Date "2019.03.21"]
[Round "6.4"]
[White "Sellen, Ian"]
[Black "Aldridge, Alan"]
[Result "1/2-1/2"]
[WhiteElo "2041"]
[BlackElo "1877"]

1. c4 c5 2. Nf3 Nf6 3. Nc3 Nc6 4. g3 b6 5. Bg2 Bb7 6. O-O e6 7. d3 Be7 8. e4
O-O 9. h3 h6 10. e5 Nh7 11. d4 Nxd4 12. Nxd4 Bxg2 13. Nxe6 dxe6 14. Kxg2 Qxd1
15. Rxd1 Rfd8 16. Be3 Nf8 17. Ne4 Rxd1 18. Rxd1 Rd8 19. Rxd8 Bxd8 20. f4 Nd7
21. Kf3 1/2-1/2

[Event "Summer Cup"]
[Site "Wellington Chess Club"]
[Date "2019.03.21"]
[Round "6.5"]
[White "Rossiter, Philip"]
[Black "Pomeroy, Arthur"]
[Result "1/2-1/2"]
[WhiteElo "1923"]
[BlackElo "2082"]

1. d4 Nf6 2. c4 g6 3. Nc3 Bg7 4. e4 d6 5. Be2 O-O 6. Be3 Na6 7. g4 e5 8. g5 Ng4
9. Bxg4 Bxg4 10. f3 Bd7 11. h4 f5 12. Qd2 f4 13. Bf2 c6 14. Nge2 b5 15. cxb5
cxb5 16. O-O Nc7 17. dxe5 dxe5 18. Rfd1 Rf7 19. Rac1 Ne6 20. Nd5 Nxg5 21. hxg5
Qxg5+ 22. Kh2 Qh5+ 1/2-1/2

[Event "Summer Cup"]
[Site "Wellington Chess Club"]
[Date "2019.03.21"]
[Round "6.6"]
[White "Farrington, Lawrence"]
[Black "Benitez, Edgar"]
[Result "0-1"]
[WhiteElo "1755"]
[BlackElo "2017"]

1. e4 d6 2. d4 c6 3. c4 Nd7 4. Nc3 e5 5. Nf3 Ngf6 6. Bg5 Be7 7. Be2 O-O 8. O-O
Re8 9. Rc1 a6 10. d5 Nc5 11. Bxf6 Bxf6 12. b4 Nd7 13. dxc6 Nf8 14. cxb7 Bxb7
15. Nd5 Ng6 16. g3 Rb8 17. a3 Rc8 18. Qd3 Bg5 19. Nxg5 Qxg5 20. Qe3 Qd8 21.
Rfd1 Ne7 22. Nxe7+ Qxe7 23. f3 Red8 24. Qd2 Bc6 25. Rc3 Ba4 26. Rdc1 h6 27. Bd1
Bc6 28. a4 Ba8 29. Bb3 Qb7 30. b5 Rc5 31. Qe3 a5 32. Rd1 Qb6 33. Qf2 Bb7 34.
Rdc1 Qc7 35. Qd2 Qb6 36. Kg2 Bc8 37. Bc2 Be6 38. Bb1 Rdc8 39. Ba2 Qc7 40. Qd3
g6 41. g4 Kg7 42. h3 Qe7 43. Qd2 f5 44. exf5 gxf5 45. Bb1 fxg4 46. fxg4 Bxc4
47. Bf5 Bd5+ 48. Kg3 Rxc3+ 49. Rxc3 Rxc3+ 50. Qxc3 Qa7 51. Qd2 Qc5 52. Qf2 Qa3+
53. Kh4 Qxa4 54. Qa7+ Kf6 55. Qh7 Qf4 56. Qh8+ Ke7 57. Qg7+ Bf7 58. Bg6 Qg5+
59. Kg3 Qxg6 60. Qh8 Qd3+ 61. Kh4 Qe3 0-1

[Event "Summer Cup"]
[Site "Wellington Chess Club"]
[Date "2019.03.21"]
[Round "6.7"]
[White "Heyworth, Nicholas"]
[Black "Jackson, Ross"]
[Result "1/2-1/2"]
[WhiteElo "1532"]
[BlackElo "1955"]

1. e4 c5 2. Nc3 Nc6 3. Bb5 Nd4 4. Bc4 e6 5. Nge2 a6 6. a4 Qc7 7. O-O Bd6 8. f4
f6 9. d3 Ne7 10. Nxd4 cxd4 11. Ne2 Nc6 12. c3 Na5 13. Ba2 dxc3 14. bxc3 O-O 15.
Be3 Bc5 16. Qd2 Bxe3+ 17. Qxe3 Nc6 18. f5 Kh8 19. fxe6 dxe6 20. Nf4 Re8 21. Qg3
Qe5 22. d4 Qg5 23. Qxg5 fxg5 24. Nxe6 Bxe6 25. d5 Bd7 26. dxc6 bxc6 27. Rf7 Be6
28. Bxe6 Rxe6 29. Raf1 Kg8 30. Rc7 Rf8 31. Rxf8+ Kxf8 32. e5 Rxe5 33. Rxc6 Ra5
34. Rc4 Ke7 35. Kf2 Kd6 36. Ke3 h5 37. Kd3 Rf5 38. Re4 g4 39. Re2 g5 40. Kc4 h4
41. Rd2+ Kc6 1/2-1/2